| 000 | 00331nam a2200109 4500 | ||
|---|---|---|---|
| 008 | 240802b |||||||| |||| 00| 0 eng d | ||
| 040 |
_aNational Science Library _cNational Science Library |
||
| 100 | _aCarranza, Roque G | ||
| 245 | _aAplicaciones del algebra moderna a la inferencia estadistica | ||
| 260 | _b1962 | ||
| 942 |
_2udc _cBK |
||
| 999 |
_c65802 _d65802 |
||